| 000 | 00868cam a2200253 a 4500 | ||
|---|---|---|---|
| 999 |
_c7534 _d7534 |
||
| 001 | 16088400 | ||
| 003 | GZU | ||
| 005 | 20210511103548.0 | ||
| 008 | 100208s2010 enka 001 0 eng | ||
| 010 | _a 2010005340 | ||
| 020 | _a9780273722977 (pbk.) | ||
| 040 |
_aDLC _cDLC _dDLC |
||
| 050 | 0 | 0 |
_aHF5636 _b.DYS 2010 |
| 100 | 1 |
_aDyson, J. R. _q(John R.) _eauthor |
|
| 245 | 1 | 0 |
_aAccounting for non-accounting students / _cJohn R. Dyson. |
| 250 | _a8th ed. | ||
| 260 |
_aHarlow, England ; _aNew York : _bFinancial Times Prentice Hall, _c2010. |
||
| 300 |
_axxi, 519 p. : _bcol. ill. ; _c27 cm. |
||
| 500 | _aIncludes index. | ||
| 650 | 0 | _aAccounting. | |
| 906 |
_a7 _bcbc _corignew _d1 _eecip _f20 _gy-gencatlg |
||
| 942 |
_2lcc _cBK _eEighth edition _h5636 _iDYS _kHF |
||